Revolution! Mexico 1910-1920
Αποθηκεύτηκε σε:
| Κύριος συγγραφέας: | |
|---|---|
| Μορφή: | Βιβλίο |
| Γλώσσα: | English |
| Δημοσίευση: |
London :
Macmillan,
[1969]
|
| Θέματα: | |
| Ετικέτες: |
Προσθήκη ετικέτας
Δεν υπάρχουν, Καταχωρήστε ετικέτα πρώτοι!
|
MARC
| LEADER | 00000cam a2200000 a 4500 | ||
|---|---|---|---|
| 001 | 1/113431 | ||
| 008 | 170320s1969####enk| ||| |||| ||eng|| | ||
| 040 | |a GR-MyUa |b gre |c GR-MyUa |e AACR2 | ||
| 041 | 0 | |a eng | |
| 082 | 7 | |a 972.081 |2 (23) | |
| 100 | 1 | |a Atkin, Ronald, |d 1931- | |
| 245 | 1 | 0 | |a Revolution! Mexico 1910-1920 / |c Ronald Atkin. |
| 260 | |a London : |b Macmillan, |c [1969] | ||
| 300 | |a xiv, 354 σ. ; |c 23 εκ. | ||
| 504 | |a Βιβλιογραφία: σ. [331]-334. | ||
| 651 | 0 | |a Mexico |x History |y 1910-1946. | |
| 852 | |a INST |b LESVOS |e 20170320 |h 972.081 ATK |p 005100058936 |q 005100058936 |t BK |y 0 | ||
| 970 | |a Τζαφέρη |b Ευαγγελία |z 20-03-2017 | ||